00894 2200205 4500001002100000005001500021035002000036008004100056245004200097100001700139250000600156260004400162300001100206084001400217082000800231650001000239520041500249990001200664990001200676INLIS00000000000009420240711092816 a0010-0424000070240711 1 ind 1 aBukan Duka Untuk Nela /cDwi Liana R. aLiana R, Dwi a1 aSolo :bPT. Wangsa Jatra Lestari,c2013 a58 hlm a813 DWI b a813 4aFiksi aBuku ini menceritakan tentang anak remaja bernama Nela. Kehidupan telah mengujinya dengan berbagai macam tekanan, baik tekanan dari keluarganya maupun tekanan perasaan iri terhadap teman-teman sebayanya. Nela mempunyai pegangan yang kuat dalam menghadapi semua permasalahannya. Akhirnya , ia tersadar bahwa ada cara hidup yang lebih baik, menyenangkan, dan membahagiakan daripada apa yang selama ini dia lihat. a0732563 a0732564